00438nam a2200181Ia 4500008004100000020001800041050001400059100001700073245001700090245004900107260001500156260001600171260000900187300001500196300002700211300001000238500000800248170918s9999 xx 000 0 und d a9780439351546 bA655 2002 aApte, Sunita aSir Arthur / cSunita Apte ; illustrated by Chris Kotsakis. aNew York : bScholastic, c2002 a16 pages : bcolored illustration ; c24cm. a450